[Event "Asian University"]
[Site "Tornelo INT"]
[Date "2021.09.12"]
[Round "7"]
[White "Sivanesan, Subramanian"]
[Black "Sultan, Ibrahim"]
[Result "1-0"]
[WhiteElo "1977"]
[BlackElo "2098"]
[PlyCount "101"]
[EventDate "2021.09.10"]
[EventType "swiss (rapid)"]
[EventRounds "9"]
[EventCountry "NET"]
[SourceTitle "CBM 204 Extra"]
[Source "ChessBase"]
[SourceDate "2021.11.30"]
[SourceVersion "1"]
[SourceVersionDate "2021.11.30"]
[SourceQuality "1"]

1. e4 e6 2. d4 d5 3. Nc3 Nf6 4. Bg5 dxe4 5. Nxe4 Be7 6. Bxf6 gxf6 7. Nf3 f5 8. Nc3 a6 9. Bd3 b5 10. Qe2 Bb7 11. 0-0-0 Nd7 12. d5 b4 13. dxe6 fxe6 14. Qxe6 bxc3 15. Bc4 Rf8 16. Ne5 cxb2+ 17. Kb1 Nc5 18. Rxd8+ Rxd8 19. Qh6 Bf6 20. Qh5+ Ke7 21. Qxh7+ Kd6 22. Nf7+ Kc6 23. Nxd8+ Rxd8 24. Qxf5 Rd6 25. Bb3 Kb6 26. f3 a5 27. a4 Bc6 28. Re1 Bc3 29. Rf1 Bxa4 30. Bxa4 Nxa4 31. Qc8 Nc5 32. Qb8+ Kc6 33. Qe8+ Kb6 34. Qb8+ Nb7 35. Qe8 c6 36. Qe3+ Bd4 37. Qb3+ Kc7 38. Rd1 Nc5 39. Qf7+ Kb6 40. c3 Rf6 41. Qc4 Be5 42. Kxb2 a4 43. Qb4+ Kc7 44. Qxc5 Bd6 45. Qa7+ Kc8 46. Qxa4 Kb7 47. Rxd6 Rxd6 48. Qb4+ Kc7 49. Qxd6+ Kxd6 50. Kb3 Kc5 51. h4 1-0

[Event "Asia Nations online Cup"]
[Site "Chess.com INT"]
[Date "2020.10.16"]
[Round "6.15"]
[White "Muhammed, Shuaau"]
[Black "Sivanesan, Subramanian"]
[Result "1-0"]
[WhiteElo "1925"]
[BlackElo "1977"]
[PlyCount "133"]
[EventDate "2020.10.10"]
[EventType "team-swiss (rapid)"]
[EventRounds "9"]
[EventCountry "IND"]
[SourceTitle "CBM 198 Extra"]
[Source "ChessBase"]
[SourceDate "2020.11.30"]
[SourceVersion "1"]
[SourceVersionDate "2020.11.30"]
[SourceQuality "1"]
[WhiteTeam "Maldives"]
[BlackTeam "Malaysia"]
[WhiteTeamCountry "MDV"]
[BlackTeamCountry "MAS"]

1. e4 c5 2. Nf3 Nc6 3. Bb5 g6 4. Bxc6 dxc6 5. 0-0 Bg7 6. h3 e5 7. d3 Qe7 8. Bg5 Nf6 9. a4 h6 10. Be3 0-0 11. Qd2 Kh7 12. Qc3 Nd7 13. Nbd2 f5 14. Nb3 b6 15. a5 Rb8 16. axb6 axb6 17. Ra7 fxe4 18. dxe4 Rb7 19. Rfa1 Rxa7 20. Rxa7 Qd6 21. Qd2 Qe6 22. Qc3 Qd6 23. Nbd2 Qb8 24. Ra1 Re8 25. Qa3 Nf8 26. Qa7 Qxa7 27. Rxa7 Ne6 28. Nc4 Nd4 29. Bxd4 exd4 30. Nxb6 Be6 31. Ne5 Rb8 32. Nec4 Kg8 33. Rc7 Bxc4 34. Nxc4 Rb4 35. b3 d3 36. cxd3 Rxb3 37. Rd7 Bd4 38. Rd6 Kg7 39. Kh2 Rxd3 40. f4 Rd1 41. e5 g5 42. Kg3 gxf4+ 43. Kxf4 Rc1 44. Ne3 Bxe3+ 45. Kxe3 Re1+ 46. Kf4 Rf1+ 47. Ke4 Re1+ 48. Kf5 Rf1+ 49. Ke6 Rg1 50. Rxc6 Rxg2 51. Rxc5 Re2 52. Rc3 Kf8 53. Rf3+ Ke8 54. Rf6 h5 55. Rh6 Kf8 56. Rxh5 Kg7 57. Rh4 Re3 58. Rg4+ Kf8 59. h4 Re1 60. h5 Rh1 61. Rg5 Rh2 62. Kf6 Rf2+ 63. Rf5 Rh2 64. Kg6+ Ke7 65. h6 Ke6 66. Rg5 Rh1 67. h7 1-0

[Event "Kuala Lumpur Merdeka rapid op"]
[Site "Kuala Lumpur"]
[Date "2019.09.01"]
[Round "7"]
[White "Sivanesan, Subramanian"]
[Black "Hakim, Nuh"]
[Result "1-0"]
[WhiteElo "1769"]
[BlackElo "2174"]
[PlyCount "81"]
[EventDate "2019.09.01"]
[EventType "swiss (rapid)"]
[EventRounds "7"]
[EventCountry "MAS"]
[SourceTitle "EXT 2020"]
[Source "ChessBase"]
[SourceDate "2019.10.17"]
[SourceVersion "1"]
[SourceVersionDate "2019.10.17"]
[SourceQuality "1"]

1. e4 c5 2. Nf3 g6 3. d4 cxd4 4. Nxd4 Bg7 5. Nc3 Nc6 6. Be3 Nf6 7. Nxc6 bxc6 8. e5 Ng8 9. Bd4 f6 10. f4 Qa5 11. Bc4 fxe5 12. fxe5 Bxe5 13. 0-0 Nf6 14. Kh1 Rb8 15. Re1 d6 16. Ne4 Nxe4 17. Rxe4 Rf8 18. Bxe5 dxe5 19. Qe2 Rf5 20. g4 Rg5 21. h4 Bxg4 22. Rxg4 Rh5 23. Rf1 Rd8 24. Be6 Rd6 25. Bf7+ Kd7 26. Bc4 Qc5 27. Rd1 Kc7 28. Rxd6 exd6 29. Bd3 Qa5 30. a3 g5 31. Rb4 Rxh4+ 32. Rxh4 gxh4 33. Qe4 Kb6 34. Qxh4 Qd2 35. Qd8+ Kc5 36. b4+ Kd5 37. Qg8+ Kd4 38. Qc4+ Ke3 39. Qe4+ Kf2 40. Qg2+ Ke3 41. Qg5+ 1-0

[Event "Barcelona Sant Marti op 21st"]
[Site "Barcelona"]
[Date "2019.07.19"]
[Round "7"]
[White "Sivanesan, Subramanian"]
[Black "Subramanian, Aditya"]
[Result "0-1"]
[WhiteElo "2013"]
[BlackElo "2198"]
[PlyCount "146"]
[EventDate "2019.07.13"]
[EventType "swiss"]
[EventRounds "9"]
[EventCountry "ESP"]
[SourceTitle "EXT 2020"]
[Source "ChessBase"]
[SourceDate "2019.10.17"]
[SourceVersion "1"]
[SourceVersionDate "2019.10.17"]
[SourceQuality "1"]

1. e4 e5 2. Nf3 Nc6 3. Bc4 Bc5 4. b4 Bxb4 5. c3 Ba5 6. d4 d6 7. Qb3 Qd7 8. 0-0 Nf6 9. dxe5 Nxe4 10. Re1 d5 11. Bxd5 Nc5 12. Qc4 Bb6 13. Ng5 Ne6 14. Bxe6 fxe6 15. Ba3 Ne7 16. Qh4 Ng6 17. Qh5 Qd3 18. Ne4 Bd7 19. Qg5 Bc6 20. Nbd2 Qd8 21. Qg4 Qd7 22. Qg5 Qf7 23. Rad1 h6 24. Qg3 0-0-0 25. Bc5 Nf4 26. Bxb6 axb6 27. f3 Rd5 28. Rb1 Rxe5 29. Nc4 Rd5 30. Rxb6 Rhd8 31. Rbb1 Rf5 32. Kh1 e5 33. Ne3 Bxe4 34. fxe4 Rg5 35. Qf3 Qe6 36. Qf1 Qc6 37. Qc4 Qxc4 38. Nxc4 Rxg2 39. Rg1 Re2 40. Rbe1 Rxa2 41. Rxg7 Nd3 42. Rf1 Nf2+ 43. Kg1 Nh3+ 44. Kh1 Nf2+ 45. Kg1 Nxe4 46. Nxe5 Nxc3 47. Rf2 b5 48. Nc6 Rxf2 49. Kxf2 Rd6 50. Rg8+ Kb7 51. Ne5 Kb6 52. Ke3 Kc5 53. Nd3+ Kc4 54. Rg4+ Kb3 55. Rg2 Ka4 56. Rg1 Ka5 57. Kd2 Nd5 58. Kc2 Kb6 59. Ne5 Re6 60. Nf3 Rf6 61. Rg3 c5 62. h4 c4 63. h5 Kc5 64. Ne5 Rf2+ 65. Kc1 Rh2 66. Nd7+ Kb4 67. Rg6 Rxh5 68. Nf6 Nxf6 69. Rxf6 c3 70. Kc2 Rh2+ 71. Kb1 Kb3 72. Rf1 b4 73. Re1 Ra2 0-1

[Event "Barcelona Sant Marti op 21st"]
[Site "Barcelona"]
[Date "2019.07.13"]
[Round "1"]
[White "Sivanesan, Subramanian"]
[Black "Perez Mitjans, Orelvis"]
[Result "0-1"]
[WhiteElo "2013"]
[BlackElo "2416"]
[PlyCount "80"]
[EventDate "2019.07.13"]
[EventType "swiss"]
[EventRounds "9"]
[EventCountry "ESP"]
[SourceTitle "EXT 2020"]
[Source "ChessBase"]
[SourceDate "2019.10.17"]
[SourceVersion "1"]
[SourceVersionDate "2019.10.17"]
[SourceQuality "1"]

1. b3 e5 2. Bb2 Nc6 3. e3 Nf6 4. Bb5 e4 5. Ne2 a6 6. Bxc6 dxc6 7. h3 Bd6 8. Nbc3 Qe7 9. d3 Be5 10. Qc1 Bf5 11. Ba3 c5 12. d4 Bd6 13. dxc5 Bxc5 14. Bxc5 Qxc5 15. Qb2 0-0 16. g4 Bg6 17. 0-0-0 b5 18. Nf4 Rfd8 19. Rhg1 Qg5 20. Nce2 b4 21. Ng3 a5 22. Rxd8+ Rxd8 23. Rd1 Rxd1+ 24. Kxd1 c5 25. c3 Qe5 26. Kc2 Nd5 27. Nxd5 Qxd5 28. cxb4 axb4 29. Kc1 h5 30. Qd2 Qe5 31. Qd8+ Kh7 32. gxh5 Bf5 33. Qg5 Qa1+ 34. Kd2 Qxa2+ 35. Ke1 Qb1+ 36. Kd2 Qd3+ 37. Ke1 Qc3+ 38. Ke2 Qc2+ 39. Ke1 Bc8 40. Qe5 Qc1+ 0-1

[Event "Barbera del Valles op 42nd"]
[Site "Barbera del Valles"]
[Date "2019.07.12"]
[Round "9"]
[White "Sivanesan, Subramanian"]
[Black "Alvarez Albiol, Victor"]
[Result "1-0"]
[WhiteElo "2013"]
[BlackElo "2075"]
[PlyCount "63"]
[EventDate "2019.07.04"]
[EventType "swiss"]
[EventRounds "9"]
[EventCountry "ESP"]
[SourceTitle "EXT 2020"]
[Source "ChessBase"]
[SourceDate "2019.10.17"]
[SourceVersion "1"]
[SourceVersionDate "2019.10.17"]
[SourceQuality "1"]

1. e4 c5 2. Nf3 e6 3. d4 cxd4 4. Nxd4 a6 5. Nc3 Bb4 6. Bd3 d6 7. Bd2 Nf6 8. 0-0 0-0 9. Kh1 Bc5 10. Nb3 Ba7 11. f4 Qc7 12. Qe1 Nbd7 13. a4 Re8 14. Qg3 Nf8 15. Rae1 Bd7 16. e5 Nd5 17. f5 dxe5 18. f6 Ng6 19. Bxg6 hxg6 20. Nxd5 exd5 21. fxg7 Kxg7 22. Qh4 Re6 23. Rxf7+ Kxf7 24. Qh7+ Ke8 25. Qg8+ Ke7 26. Bb4+ Rd6 27. Qg7+ Kd8 28. Qf8+ Be8 29. Rxe5 Qf7 30. Qxd6+ Kc8 31. Re1 Bc6 32. Ba5 1-0

[Event "Barbera del Valles op 42nd"]
[Site "Barbera del Valles"]
[Date "2019.07.07"]
[Round "4"]
[White "Lacrosse, Marc"]
[Black "Sivanesan, Subramanian"]
[Result "1-0"]
[WhiteElo "2189"]
[BlackElo "2013"]
[PlyCount "97"]
[EventDate "2019.07.04"]
[EventType "swiss"]
[EventRounds "9"]
[EventCountry "ESP"]
[SourceTitle "CBM 191 Extra"]
[Source "ChessBase"]
[SourceDate "2019.09.30"]
[SourceVersion "1"]
[SourceVersionDate "2019.09.30"]
[SourceQuality "1"]

1. d4 Nf6 2. c4 g6 3. Nc3 Bg7 4. e4 d6 5. Be2 0-0 6. Be3 Na6 7. Nf3 e5 8. 0-0 Ng4 9. Bg5 Qe8 10. dxe5 dxe5 11. h3 h6 12. Bc1 Nf6 13. Be3 Qe7 14. Nd5 Qd8 15. Qc2 c6 16. Nxf6+ Qxf6 17. c5 Nc7 18. Rfd1 Rd8 19. Rxd8+ Qxd8 20. Rd1 Qe8 21. Qd2 Ne6 22. Qd6 Nf4 23. Bc4 g5 24. Qc7 Be6 25. Bxe6 Nxe6 26. Qxb7 Nd4 27. Rd2 Rd8 28. Qxa7 Ra8 29. Qb7 Rxa2 30. b4 Qe6 31. Rxa2 Qxa2 32. Bxd4 exd4 33. Qxc6 Qb1+ 34. Kh2 Qc1 35. Qd6 h5 36. Qd8+ Kh7 37. Qxg5 Qxg5 38. Nxg5+ Kg6 39. Nf3 d3 40. c6 f5 41. c7 d2 42. c8Q d1Q 43. Qxf5+ Kh6 44. Qg5+ Kh7 45. Qxh5+ Kg8 46. Qd5+ Qxd5 47. exd5 Kf8 48. Ng5 Ke7 49. Ne4 1-0

[Event "Barbera del Valles op 42nd"]
[Site "Barbera del Valles"]
[Date "2019.07.06"]
[Round "3"]
[White "Sivanesan, Subramanian"]
[Black "Gupta, Rajesh RS"]
[Result "1-0"]
[WhiteElo "2013"]
[BlackElo "1626"]
[PlyCount "83"]
[EventDate "2019.07.04"]
[EventType "swiss"]
[EventRounds "9"]
[EventCountry "ESP"]
[SourceTitle "CBM 191 Extra"]
[Source "ChessBase"]
[SourceDate "2019.09.30"]
[SourceVersion "1"]
[SourceVersionDate "2019.09.30"]
[SourceQuality "1"]

1. b3 Nf6 2. Bb2 g6 3. Bxf6 exf6 4. c4 Bg7 5. Nc3 0-0 6. g3 c6 7. Bg2 f5 8. e3 d5 9. cxd5 cxd5 10. d4 Be6 11. Nge2 Nc6 12. Nf4 Qa5 13. Qd2 Rfe8 14. Ncxd5 Bxd5 15. Nxd5 Bxd4 16. Qxa5 Nxa5 17. Rd1 Be5 18. f4 Bg7 19. Nc7 Rxe3+ 20. Kf2 Rae8 21. Nxe8 Rxe8 22. Rd7 Nc6 23. Bxc6 bxc6 24. Re1 Rb8 25. Ke2 a5 26. Kd3 c5 27. Ra7 Rd8+ 28. Kc2 c4 29. bxc4 Bf8 30. Rxa5 Bb4 31. Rae5 Bxe1 32. Rxe1 Ra8 33. Kb3 Rb8+ 34. Kc3 h6 35. Re2 g5 36. c5 gxf4 37. gxf4 Ra8 38. Kb4 Rd8 39. c6 Rd1 40. c7 Rc1 41. Re8+ Kg7 42. c8Q 1-0

[Event "Budapest FS08 FM"]
[Site "Budapest"]
[Date "2017.08.14"]
[Round "8"]
[White "Cimpean, Andra"]
[Black "Sivanesan, Subramanian"]
[Result "0-1"]
[WhiteElo "1959"]
[BlackElo "1998"]
[PlyCount "159"]
[EventDate "2017.08.05"]
[EventType "tourn"]
[EventRounds "9"]
[EventCountry "HUN"]
[SourceTitle "CBM 180 Extra"]
[Source "ChessBase"]
[SourceDate "2017.10.06"]
[SourceVersion "1"]
[SourceVersionDate "2017.10.06"]
[SourceQuality "1"]

1. e4 c5 2. c3 Nf6 3. e5 Nd5 4. d4 cxd4 5. Nf3 Nc6 6. cxd4 d6 7. Bc4 Nb6 8. Bb5 dxe5 9. Nxe5 Bd7 10. Nxd7 Qxd7 11. Nc3 e6 12. 0-0 Be7 13. Qg4 0-0 14. Bxc6 Qxc6 15. Bh6 Bf6 16. Rac1 Qd7 17. Rfd1 Kh8 18. Ne4 Qd8 19. Bf4 Nd5 20. Be5 Rc8 21. Nd6 Rxc1 22. Rxc1 Qd7 23. Rc5 Bxe5 24. dxe5 Ne7 25. Qc4 Nc6 26. f4 f6 27. Nxb7 fxe5 28. Rxc6 Qxb7 29. Qxe6 exf4 30. Qd6 Re8 31. Rc2 Qe4 32. Qd2 Qg6 33. Kf2 Qb6+ 34. Kf1 Rf8 35. Rc3 Qa6+ 36. Qe2 Qxa2 37. Ra3 Qb1+ 38. Kf2 Qg6 39. Ra6 Qf5 40. b4 Qd7 41. Qb2 Qb7 42. Ra3 Qb6+ 43. Kf1 h6 44. Qf2 Qxb4 45. Rxa7 Rd8 46. Ra1 Rd2 47. Qe1 Qc4+ 48. Kg1 Qc5+ 49. Kh1 Qd5 50. Qf1 h5 51. Re1 h4 52. h3 Rd3 53. Re8+ Kh7 54. Kh2 f3 55. gxf3 Rd2+ 56. Kh1 Rd1 57. Re1 Rxe1 58. Qxe1 Qxf3+ 59. Kh2 Qf4+ 60. Kg2 Kh6 61. Kh1 g6 62. Kg2 Qg5+ 63. Kh2 Kg7 64. Kh1 Kf6 65. Kh2 Qe5+ 66. Qxe5+ Kxe5 67. Kg2 Kf4 68. Kf2 g5 69. Kg2 Ke3 70. Kg1 Kf3 71. Kh2 Kf2 72. Kh1 Kg3 73. Kg1 Kxh3 74. Kh1 Kg3 75. Kg1 h3 76. Kh1 Kf2 77. Kh2 g4 78. Kh1 h2 79. Kxh2 g3+ 80. Kh1 0-1

[Event "Budapest FS08 FM"]
[Site "Budapest"]
[Date "2017.08.11"]
[Round "6"]
[White "Juhasz, Agoston Botond"]
[Black "Sivanesan, Subramanian"]
[Result "1/2-1/2"]
[WhiteElo "2035"]
[BlackElo "1998"]
[PlyCount "115"]
[EventDate "2017.08.05"]
[EventType "tourn"]
[EventRounds "9"]
[EventCountry "HUN"]
[SourceTitle "CBM 180 Extra"]
[Source "ChessBase"]
[SourceDate "2017.10.06"]
[SourceVersion "1"]
[SourceVersionDate "2017.10.06"]
[SourceQuality "1"]

1. e4 c5 2. Nf3 Nc6 3. Bb5 g6 4. 0-0 Bg7 5. c3 e5 6. Re1 a6 7. Bxc6 dxc6 8. d3 Ne7 9. Be3 b6 10. a4 a5 11. Na3 0-0 12. Nc4 Qc7 13. b4 axb4 14. a5 bxa5 15. Bxc5 Be6 16. Bd6 Qd7 17. cxb4 Bxc4 18. dxc4 Rad8 19. c5 axb4 20. Qb3 Ra8 21. Rad1 Rfe8 22. Bxe5 Qe6 23. Qxe6 fxe6 24. Rd6 Bxe5 25. Nxe5 b3 26. Nc4 Kf7 27. Rd3 Reb8 28. Nb6 b2 29. Rb3 Ra5 30. Rxb2 Rxc5 31. Reb1 Nc8 32. f3 Rxb6 33. Rxb6 Nxb6 34. Rxb6 Kf6 35. Rb2 Ke5 36. Rd2 Rc3 37. Kf2 g5 38. Rd8 h5 39. Rg8 Kf6 40. Rh8 h4 41. g3 Rc2+ 42. Kg1 hxg3 43. hxg3 c5 44. f4 gxf4 45. gxf4 Re2 46. Rh6+ Kf7 47. f5 Rxe4 48. fxe6+ Rxe6 49. Rh5 c4 50. Rh4 Rc6 51. Kf2 Ke6 52. Ke3 Kf5 53. Kd2 c3+ 54. Kc2 Ke5 55. Rg4 Kd5 56. Rh4 Rc4 57. Rxc4 Kxc4 58. Kc1 1/2-1/2

[Event "ASEAN-ch U16 15th"]
[Site "Taipa"]
[Date "2014.06.06"]
[Round "5"]
[White "Le, Minh Tu"]
[Black "Sivanesan, Subramanian"]
[Result "1/2-1/2"]
[WhiteElo "1785"]
[BlackElo "1798"]
[PlyCount "74"]
[EventDate "2014.06.04"]
[EventType "swiss"]
[EventRounds "9"]
[EventCountry "MAC"]
[SourceTitle "CBM 160 Extra"]
[Source "ChessBase"]
[SourceDate "2014.07.01"]
[SourceVersion "1"]
[SourceVersionDate "2014.07.01"]
[SourceQuality "1"]

1. d4 Nf6 2. Nf3 g6 3. Bf4 Bg7 4. e3 0-0 5. c3 d6 6. h3 Nfd7 7. Nbd2 e5 8. dxe5 dxe5 9. Bh2 Nc6 10. Bc4 Qe7 11. 0-0 Nb6 12. Bb5 Bd7 13. Nc4 Rad8 14. Nxb6 axb6 15. Qe2 Qe8 16. a4 h6 17. Rfd1 Na5 18. Bxd7 Rxd7 19. Rxd7 Qxd7 20. Nxe5 Qe7 21. Nd3 c5 22. Nf4 c4 23. Rd1 Qc5 24. Rd5 Qc6 25. Qd1 Nb3 26. Rd8 Rxd8 27. Qxd8+ Kh7 28. Nd5 Qxa4 29. Bf4 Nd2 30. h4 Qd1+ 31. Kh2 h5 32. f3 Nxf3+ 33. gxf3 Qe2+ 34. Kg1 Qe1+ 35. Kg2 Qe2+ 36. Kg3 Qe1+ 37. Kh3 Qh1+ 1/2-1/2